• Nigro, Salvatore Silvano,

di Personal Name

Records bibliografici associati: 1

001 - CONTROL NUMBER

  • control field: 61985

003 - CONTROL NUMBER IDENTIFIER

  • control field:

005 - DATE AND TIME OF LATEST TRANSACTION

  • control field: 20250325155114.0

008 - FIXED-LENGTH DATA ELEMENTS

  • fixed length control field: 250325|| aca||aabn | a|a d

040 ## - CATALOGING SOURCE

  • Original cataloging agency:
  • Transcribing agency:

100 ## - HEADING--PERSONAL NAME

  • Personal name: Nigro, Salvatore Silvano,
  • Dates associated with a name: 1946-

670 ## - SOURCE DATA FOUND

  • Source citation: Work cat.: ()360467: Pascal, Blaise, 1623-1662. 61963, Le provinciali /, ©2008.
CREDITS: SOCIETA' SAN PAOLO Via A.Severo, 58 - ROMA (RM) & PERIODICI SAN PAOLO SRL Via Giotto, 36 MILANO & CISF Via Giotto, 36 MILANO & EDIZIONI SAN PAOLO SRL,  Piazza Soncino, 5 CINISELLO BALSAMO (MI) -- ITALY